00392nam a22001457a 450000500170000001000070001702000260002403500130005003700100006308200080007324500540008126000340013527000550016930000220022420230619143802.0 aRP a9789357152044c295.00 aB-755417 bPancy a000 aUPSC EPFO:bPractice Work Book/cKiran Prakashan  aDelhibKiran Prakashan c2021 aRU-67, Opp. Power House, Pitampura,bDelhie110034 aV.P.c216cm.(pbk)